| 000 | 00962nam1a22002411i 4500 | ||
|---|---|---|---|
| 001 | rc\4277397 | ||
| 005 | 20260407082141.0 | ||
| 035 | _a(NLR Aleph) 008212990 | ||
| 090 |
_a8108310 _c8108310 |
||
| 100 | _a20130416a19619999|||y0rusy50 ca | ||
| 101 | 0 | _arus | |
| 102 | _aRU | ||
| 105 | _ay z ||||| | ||
| 200 | 1 |
_aОтчет о деятельности Академии наук Азербайджанской ССР _fАН АзССР |
|
| 210 |
_aБаку _cИзд-во АН АзССР _d1961- |
||
| 300 | _aС 1965 (1966) издание хранится в Журнальном фонде. Шифр: П11/378 | ||
| 333 | _aОгранич. использование | ||
| 710 | 0 | 2 |
_aАН АзССР _cБаку _3RU\NLR\AUTH\887829 _9287849 |
| 801 | 0 |
_aRU _bNLR _gpsbo |
|
| 801 | 1 |
_aRU _bELAR _2rusmarc |
|
| 830 | _aПолное описание см. в каталоге периодических изданий | ||
| 852 |
_aNLR _jШифры разные |
||
| 942 | _cBOOK | ||